| 000 | 00570nam a2200205 a 4500 | ||
|---|---|---|---|
| 005 | 20140310183542.0 | ||
| 008 | 110820s19uu xx 00 eng d | ||
| 020 | _a9780199563449 | ||
| 050 |
_aGV 1585 _b.C78 2010 |
||
| 100 | _aCraine, Debra | ||
| 245 |
_aThe oxford dictionary of dance / _cDebra Craine; Judith Mackrell. |
||
| 250 | _a2nd ed. | ||
| 260 |
_aNew York : _bOxford University Press, _c2010. |
||
| 300 |
_a502 p. : _c24 cm. |
||
| 650 |
_aDance _xDictionaries |
||
| 650 | _aBallet | ||
| 700 | _aMackrell, Judith | ||
| 942 |
_cBK _2lcc |
||
| 999 |
_c24811 _d24811 |
||